000 01528cam a22003857a 4500
003 CHAP
005 20220329142410.0
008 001121d1998 es a re 00110 spa d
010 _a82893
011 _a83865
020 _a8482360892
035 _a94384
040 _cCHAP
082 0 4 _a630.03
_bB5 1998
245 0 0 _aBibiloteca de la agricultura
_c/por Idea Books
250 _a2 ed.
260 _aBarcelona :
_bIdea books,
_c1998.
300 _a3 v. :
_bilus.
500 _aContenido : v.1 Suelos, abonos y materia orgánica. Los frutales--v.2 Defensa de las plantas cultivadas. Técnicas agrícolas en cultivos extensivos.--v.3 Horticultura. Cultivo en invernadero
590 _aBATCH-UPD
_b10
_c20130110
_lUCH01
_h0732
590 _aBATCH-UPD
_b10
_c20130410
_lUCH01
_h0415
590 _aBATCH-UPD
_b10
_c20130913
_lUCH01
_h2050
590 _aCONVERSION
_b10
_c20130109
_lUCH01
_h1346
650 1 4 _aAgricultura
_xEnciclopedias y diccionarios.
_91414
650 1 4 _aCultivos en invernadero.
_930376
650 1 4 _aCultivos
_xProtección.
_930311
650 1 4 _aHorticultura
_xEnciclopedias y diccionarios.
_956326
710 0 _aIdea Books. España.
_957287
901 _aBK
905 _aLilia Sánchez G.
942 _cLIBRO
949 _a630.03 B5 1998
_bBC
_cC
_d33724000920708
_eC
_fv.3
_gI.208378
_h99114
_i94384
_st
_t$2.080.00
949 _a630.03 B5 1998
_bBC
_cC
_d33724000987418
_eC
_fv.2
_gI.208378
_h99113
_i94384
_sb
_t$2.080.00
949 _a630.03 B5 1998
_bBC
_cC
_d33724002201181
_eC
_fv.1
_gI.208378
_h99112
_i94384
_sb
_t$2.080.00
999 _c82893
_d82893